Plant biotechnology : Current and future applications of genetically modified crops (Record no. 178038)
[ view plain ]
| 000 -LEADER | |
|---|---|
| fixed length control field | 00426nam a2200145Ia 4500 |
| 008 - FIXED-LENGTH DATA ELEMENTS--GENERAL INFORMATION | |
| fixed length control field | 230917s9999||||xx |||||||||||||| ||und|| |
| 040 ## - CATALOGING SOURCE | |
| -- | 228947 |
| Original cataloging agency | VIVEKANANDA LIBRARY |
| 041 ## - Language | |
| -- | English |
| 082 ## - DDC NUMBER | |
| Classification number | 660.602458 H138P |
| 100 ## - MAIN ENTRY--PERSONAL NAME | |
| Personal name | Halford, Nigel G, ed. |
| 245 #0 - TITLE STATEMENT | |
| Title | Plant biotechnology : Current and future applications of genetically modified crops |
| 260 ## - PUBLICATION, DISTRIBUTION, ETC. (IMPRINT) | |
| Place of publication, distribution, etc | New Delhi |
| Name of publisher, distributor, etc | Wiley India |
| Date of publication, distribution, etc | 2015 |
| 300 ## - PHYSICAL DESCRIPTION | |
| Pages | xii, 303 p. |
| 942 ## - ADDED ENTRY ELEMENTS (KOHA) | |
| Koha item type | Books |
| Withdrawn status | Lost status | Damaged status | Not for loan | Location (home branch) | Sublocation or collection (holding branch) | Shelving location | Date acquired | Koha issues (times borrowed) | Koha full call number | Accession No. | Koha date last seen | Koha item type |
|---|---|---|---|---|---|---|---|---|---|---|---|---|
| VIVEKANANDA LIBRARY | VIVEKANANDA LIBRARY | UIET Library | 14/10/2015 | 660.602458 H138P | 339617 | 17/09/2023 | Books | |||||
| VIVEKANANDA LIBRARY | VIVEKANANDA LIBRARY | UIET Library | 14/10/2015 | 660.602458 H138P | 339618 | 17/09/2023 | Books | |||||
| VIVEKANANDA LIBRARY | VIVEKANANDA LIBRARY | UIET Library | 14/10/2015 | 660.602458 H138P | 339619 | 17/09/2023 | Books | |||||
| VIVEKANANDA LIBRARY | VIVEKANANDA LIBRARY | UIET Library | 14/10/2015 | 660.602458 H138P | 339620 | 17/09/2023 | Books | |||||
| VIVEKANANDA LIBRARY | VIVEKANANDA LIBRARY | UIET Library | 14/10/2015 | 660.602458 H138P | 339621 | 17/09/2023 | Books | |||||
| VIVEKANANDA LIBRARY | VIVEKANANDA LIBRARY | UIET Library | 14/10/2015 | 660.602458 H138P | 339622 | 17/09/2023 | Books | |||||
| VIVEKANANDA LIBRARY | VIVEKANANDA LIBRARY | UIET Library | 14/10/2015 | 660.602458 H138P | 339623 | 17/09/2023 | Books | |||||
| VIVEKANANDA LIBRARY | VIVEKANANDA LIBRARY | UIET Library | 14/10/2015 | 660.602458 H138P | 339624 | 17/09/2023 | Books | |||||
| VIVEKANANDA LIBRARY | VIVEKANANDA LIBRARY | UIET Library | 14/10/2015 | 660.602458 H138P | 339625 | 17/09/2023 | Books | |||||
| VIVEKANANDA LIBRARY | VIVEKANANDA LIBRARY | UIET Library | 14/10/2015 | 660.602458 H138P | 339626 | 17/09/2023 | Books |
